Prince Caspian Characters Quiz Stats

Quiz not verified by Sporcle

Challenge
Share
Tweet
Embed
Score 0/0 Timer 00:00
0 Plays Today
Hint Answer % Correct
The film's main protagonistCaspian
93.8%
The oldest of the PevensiesPeter
93.8%
The youngest girl from the PevensiesLucy
93.8%
The youngest boy from the PevensiesEdmund
93.8%
The oldest girl of the PevensiesSusan
90.6%
The film's main antagonistMiraz
71.9%
The talking mouseReepicheep
71.9%
The mighty LionAslan
59.4%
The one who cursed Narnia with eternal winterJadis
59.4%
A sarcastic dwarfTrumpkin
56.3%
A kind badgerTrufflehunter
46.9%
The prince's tutorDr Cornelius
43.8%
Telmarine generalGlozelle
40.6%
A Telmarine lordLord Sopespian
34.4%
A black centaurGlenstorm
34.4%
A grumpy dwarfNikabrik
34.4%
Hint Answer % Correct
The main antagonist's wifePrunaprismia
31.3%
A chatty squirrelPattertwig
25%
A bear who always sucks his pawsBulgy Bear
21.9%
A generous giantWimbleweather
18.8%
The talking house's second-in-commandPeepicheek
15.6%
The wife of the black centaurWindmane
9.4%
A mighty minotaur who held up the gateAsterius
9.4%
A Telmarine lordLord Donnon
9.4%
A Telmarine lordLord Scythley
9.4%
A young centaur boyLightning Bolt
9.4%
The son of the black centaurRainstone
6.3%
The other son of the black centaurSuncloud
6.3%
Another son of the black centairIronhoof
6.3%
A satyr who was killed in the night raidTyrus
6.3%
A Telmarine lordLord Gregorie
6.3%

You're not logged in!

Compare scores with friends on all Sporcle quizzes.
Sign Up with Email
OR
Log In

You Might Also Like...

Show Comments

Extras

Top Quizzes Today


Score Distribution

Your Account Isn't Verified!

In order to create a playlist on Sporcle, you need to verify the email address you used during registration. Go to your Sporcle Settings to finish the process.

Report this User

Report this user for behavior that violates our Community Guidelines.

Details: